| 000 | 00385nam a2200145Ia 4500 | ||
|---|---|---|---|
| 008 | 150201s1997 xx 000 0 und d | ||
| 082 |
_a617.6 _bO2009D |
||
| 100 | _aDETELS,HOLLAND | ||
| 245 | _aOXFORD PUBLIC HEALTH-3 | ||
| 250 | _a3RD | ||
| 260 |
_bOXFORD MEDICAL PUBLICATIONS _aOXFORD _c1997 |
||
| 300 | _a1016-1650 | ||
| 650 | _aPREVENTIVE AND COMMUNITY DENTISTRY | ||
| 942 |
_2ddc _cBK |
||
| 999 |
_c4149 _d4149 |
||